<?xml version="1.0" encoding="UTF-8"?>
<record
    xmlns:xsi="http://www.w3.org/2001/XMLSchema-instance"
    xsi:schemaLocation="http://www.loc.gov/MARC21/slim http://www.loc.gov/standards/marcxml/schema/MARC21slim.xsd"
    xmlns="http://www.loc.gov/MARC21/slim">

  <leader>00708nam a2200205 a 4500</leader>
  <datafield tag="999" ind1=" " ind2=" ">
    <subfield code="c">2873</subfield>
    <subfield code="d">2873</subfield>
  </datafield>
  <controlfield tag="001">2873</controlfield>
  <controlfield tag="003">CDMR</controlfield>
  <controlfield tag="005">20241126133737.0</controlfield>
  <controlfield tag="008">130130s1936||||||||||||||||||||||||||||d</controlfield>
  <datafield tag="040" ind1=" " ind2=" ">
    <subfield code="a">CDMR</subfield>
    <subfield code="b">cat</subfield>
    <subfield code="c">CDMR</subfield>
  </datafield>
  <datafield tag="110" ind1="2" ind2=" ">
    <subfield code="a">Associaci&#xF3; de la Premsa de Manresa i Comarca</subfield>
    <subfield code="9">954</subfield>
  </datafield>
  <datafield tag="245" ind1="1" ind2="0">
    <subfield code="a">Mem&#xF2;ries </subfield>
    <subfield code="c">/ Associaci&#xF3; de la Premsa de Manresa i Comarca</subfield>
  </datafield>
  <datafield tag="260" ind1=" " ind2=" ">
    <subfield code="a">[Manresa : </subfield>
    <subfield code="b">Tip. Art&#xED;stica, </subfield>
    <subfield code="c">1905?-   ]</subfield>
  </datafield>
  <datafield tag="300" ind1=" " ind2=" ">
    <subfield code="a"> vol.</subfield>
  </datafield>
  <datafield tag="310" ind1=" " ind2=" ">
    <subfield code="a">Anual</subfield>
    <subfield code="b">191- </subfield>
  </datafield>
  <datafield tag="500" ind1=" " ind2=" ">
    <subfield code="a">Descripci&#xF3; basada en: 1934-1935</subfield>
  </datafield>
  <datafield tag="610" ind1="2" ind2="0">
    <subfield code="9">954</subfield>
    <subfield code="a">Associaci&#xF3; de la Premsa de Manresa i Comarca</subfield>
    <subfield code="v">Revistes</subfield>
  </datafield>
  <datafield tag="856" ind1=" " ind2=" ">
    <subfield code="u">https://arca.bnc.cat/arcabib_pro/ca/consulta/registro.do?id=2730</subfield>
    <subfield code="z">Acc&#xE9;s lliure (ARCA)</subfield>
  </datafield>
  <datafield tag="942" ind1=" " ind2=" ">
    <subfield code="c">SER</subfield>
    <subfield code="2">udc</subfield>
  </datafield>
  <datafield tag="952" ind1=" " ind2=" ">
    <subfield code="0">0</subfield>
    <subfield code="1">0</subfield>
    <subfield code="4">0</subfield>
    <subfield code="7">0</subfield>
    <subfield code="a">CDMR</subfield>
    <subfield code="b">CDMR</subfield>
    <subfield code="d">2013-01-16</subfield>
    <subfield code="l">0</subfield>
    <subfield code="o">1934-1935 (1 fullet&#xF3;)</subfield>
    <subfield code="p">CDMR13097008</subfield>
    <subfield code="r">2013-01-16</subfield>
    <subfield code="w">2013-01-16</subfield>
    <subfield code="y">RES</subfield>
  </datafield>
</record>
